|
|
|
|
| LEADER |
00000cam a2200000 7i4500 |
| 001 |
0000000451 |
| 005 |
20151222.0 |
| 008 |
070702 |
| 020 |
|
|
|a 9831111532
|
| 090 |
0 |
0 |
|a JF
|b MAL
|
| 100 |
0 |
|
|a Tomi Jefri
|
| 245 |
1 |
0 |
|a Sabarlah, segalanya akan terjawab jua
|c Tomi Jefri
|
| 260 |
|
|
|a Kuala Lumpur :
|b Penerbit Tetra Sinar ,
|c 2001
|
| 440 |
|
|
|a Siri insan misali
|
| 500 |
|
|
|a Children ages 10-12 years old (pink)
|
| 650 |
|
0 |
|a Malay
|x Languages
|
| 650 |
|
0 |
|a Public relation
|
| 999 |
|
|
|a 0000960574
|b Book
|c Children Collection
|e Perbadanan Perpustakaan Awam Johor
|
| 999 |
|
|
|a 0000960575
|b Book
|c Children Collection
|e Cawangan Bandar Penawar
|
| 999 |
|
|
|a 0000960576
|b Book
|c Children Collection
|e Cawangan Batu Pahat
|
| 999 |
|
|
|a 0000960577
|b Book
|c Children Collection
|e Perbadanan Perpustakaan Awam Johor
|
| 999 |
|
|
|a 0000960578
|b Book
|c Children Collection
|e Cawangan Sri Merlong
|